[Event "45th Olympiad 2024"]
[Site "Budapest HUN"]
[Date "2024.09.11"]
[Round "1.46"]
[Board "2"]
[White "Oscar Naranjo Gonzalez"]
[Black "Stefansson, Hannes"]
[Result "0-1"]
[WhiteElo "1861"]
[BlackElo "2471"]
[PlyCount "90"]
[EventDate "2024.09.11"]
[WhiteTeam "Equatorial Guinea"]
[BlackTeam "Iceland"]
[BlackTeamCountry "ISL"]

1. e4 c5 2. Nc3 Nc6 3. f4 g6 4. Nf3 Bg7 5. Bc4 e6 6. O-O Nge7 7. a3 O-O 8. d3 d5 9. Ba2 Nd4 ({RR} 9... b6 10. Qe1 Nd4 11. Nxd4 cxd4 12. Nd1 dxe4 13. dxe4 Ba6 14. Rf3 Rc8 15. Bb3 Nc6 16. Bd2 d3 17. c3 Na5 18. Ba2 Nc4 19. Bxc4 Rxc4 20. Nf2 Rc7 21. Qf1 Qa8 22. Re1 Rd7 23. e5 Rc8 24. Ne4 {0-1 Huesmann,T (2295)-Tratar,M (2476) San Sebastian op 30th 2007 (3)}) 10. Nxd4 ({RR} 10. Kh1 Rb8 11. e5 b5 12. Nxd4 cxd4 13. Ne2 Qb6 14. Bd2 a5 15. Qe1 Ra8 16. g4 Bb7 17. Qh4 Nc6 18. Qg3 Rac8 19. h4 Ne7 20. Rac1 Rc7 21. h5 Rfc8 22. hxg6 hxg6 23. Bb1 b4 24. axb4 axb4 {1-0 Silvestre,C (1942)-Joubert,D (1566) Titled Tue 1st Aug Late 2023 (7)}) 10... cxd4 11. Ne2 Bd7 $146 ({RR} 11... b5 12. Ng3 Qb6 13. exd5 exd5 14. f5 Nxf5 15. Nxf5 Bxf5 16. Qf3 Rac8 17. Rf2 Rfe8 18. Bf4 b4 19. axb4 Qxb4 20. Bb3 Be4 21. dxe4 dxe4 22. Qd1 Qb7 23. Bd6 Kh8 24. Rxf7 Qb6 25. Raxa7 d3+ 26. Kh1 {1-0 Dias,M (1837)-Gomes,G (1565) Hebraica op 26th 2019 (3)}) ({RR} 11... dxe4 12. dxe4 Qb6 13. Kh1 Bd7 14. Ng3 Rac8 15. Bb3 Bb5 16. Rf3 Bc4 17. Bd2 Rfd8 18. Qe1 Qc7 19. f5 exf5 20. exf5 Nd5 21. Rc1 Re8 22. Qf2 Qb6 23. Re1 Re3 24. Bxc4 Rxc4 25. Bxe3 dxe3 26. Qe2 {1-0 Cagasik,T (2273)-Mesaros,J (1877) Piestany op 2010 (1)}) 12. Bd2 dxe4 13. dxe4 Qb6 14. Kh1 Rfc8 15. Rb1 Ba4 16. Bb3 Bxb3 17. cxb3 a5 18. Rc1 Qb5 19. Rf3 Rc6 20. Rxc6 Qxc6 21. e5 Nf5 22. Qc1 Qd7 23. Qb1 Rc8 24. Qd3 Qc6 25. h3 Qd5 26. Ng3 f6 27. Nxf5 exf5 28. e6 Bf8 29. Re3 Be7 30. Re1 Kf8 31. Kh2 Rc6 32. b4 axb4 33. axb4 Qc4 34. Qb1 Qc2 35. Qxc2 Rxc2 36. Rd1 Bd6 37. Kg1 Rxb2 38. Be1 Bxf4 39. Kf1 Be3 40. Ra1 d3 41. Rd1 d2 42. Bg3 f4 43. Ke2 Rxb4 44. Bh2 Rc4 45. g3 g5 0-1

[Event "45th Olympiad 2024"]
[Site "Budapest HUN"]
[Date "2024.09.11"]
[Round "1.46"]
[Board "4"]
[White "Pedro Manuel Envo Engonga Avomo"]
[Black "Gretarsson, Helgi Ass"]
[Result "0-1"]
[WhiteElo "1702"]
[BlackElo "2450"]
[PlyCount "70"]
[EventDate "2024.09.11"]
[WhiteTeam "Equatorial Guinea"]
[BlackTeam "Iceland"]
[BlackTeamCountry "ISL"]

1. e4 Nf6 2. Bc4 Nxe4 3. Bxf7+ Kxf7 4. Qh5+ Kg8 5. Qd5+ e6 6. Qxe4 d5 7. Qe2 c5 ({RR} 7... Nc6 8. Nf3 Bd6 9. d4 Bd7 10. O-O Qf6 11. c3 Rf8 12. Na3 a6 13. Bd2 e5 14. dxe5 Nxe5 15. Nxe5 Qxe5 16. Qxe5 Bxe5 17. Rae1 Bd6 18. Rd1 Kf7 19. Rfe1 Re8 20. Rxe8 Rxe8 21. Nc2 Ba4 22. b3 {1-0 Burke,P-Curtis,J (2292) Titled Tue 9th Jul Late 2024 (6)}) 8. Nf3 ({RR} 8. f4 Bd6 9. d3 h6 10. Nf3 Kh7 11. O-O Rf8 12. Ne5 Nd7 13. c3 Nxe5 14. fxe5 Rxf1+ 15. Kxf1 Be7 16. Kg1 Bd7 17. Nd2 Qe8 18. d4 cxd4 19. cxd4 Qg6 20. Nf1 Rc8 21. Qd1 Bb5 22. Be3 Rc2 {0-1 Vuckovic,B (2320)-Golubovic,B (2450) Nova Gorica op 03rd 1998 (9)}) 8... Nc6 9. Nc3 e5 $146 ({RR} 9... Bd6 10. O-O a6 11. d3 h6 12. Qd2 Kh7 13. Re1 Rf8 14. d4 cxd4 15. Qd3+ Kh8 16. Nxd4 Bxh2+ 17. Kxh2 Qh4+ 18. Qh3 Qxh3+ 19. Kxh3 Nxd4 {0-1 Llaneza Vega,M-Pascual Arevalo,A (2239) Santa Clara 2000 (2)}) ({RR} 9... Qf6 10. d3 h6 11. Be3 Bd7 12. O-O Nd4 13. Bxd4 cxd4 14. Ne5 Bc6 15. Nb1 Bd6 {½-½ Mateu Farre,J (2020)-Brusi Noguera,R (2146) Barcelona Tupinamba op 6th 2011 (7)}) 10. h3 Nd4 11. Nxd4 exd4 12. Ne4 d3 13. Qxd3 Bf5 14. f3 Qd7 15. c4 dxe4 16. Qxd7 Bxd7 17. fxe4 Bd6 18. Rf1 Rf8 19. d3 Rxf1+ 20. Kxf1 Kf7 21. Be3 Rc8 22. Ke2 Rc6 23. b4 cxb4 24. Bxa7 b5 25. cxb5 Rc2+ 26. Kf3 Bxb5 27. Bd4 Bxd3 28. e5 Bf8 29. g4 Ke6 30. Ke3 Bc4 31. a4 bxa3 32. Rb1 Kd5 33. Rb8 Re2+ 34. Kf4 Kxd4 35. Rxf8 Rf2+ 0-1

[Event "45th Olympiad 2024"]
[Site "Budapest HUN"]
[Date "2024.09.11"]
[Round "1.47"]
[Board "2"]
[White "Salinas Herrera, Pablo"]
[Black "Salvadora, Angelo"]
[Result "1-0"]
[WhiteElo "2479"]
[BlackElo "1812"]
[PlyCount "83"]
[EventDate "2024.09.11"]
[WhiteTeam "Chile"]
[BlackTeam "Palau"]
[WhiteTeamCountry "CHI"]
[BlackTeamCountry "PAL"]

1. d4 e6 2. Nf3 d5 3. Bf4 Bd6 4. e3 Bxf4 5. exf4 Nc6 ({RR} 5... Ne7 6. Bd3 b6 7. c3 a5 8. Ne5 Ba6 9. Qh5 g6 10. Qe2 Bxd3 11. Qxd3 Nd7 12. Nd2 a4 13. O-O O-O 14. Rae1 c5 15. Ndf3 Nf5 16. g4 Ng7 17. Qb5 Nxe5 18. fxe5 c4 19. Re3 Qe7 20. h3 {1-0 Gareyev,T (2522)-Luther,T (2593) Olympiad-37 Turin 2006 (10)}) 6. c3 a6 $146 ({RR} 6... Nf6 7. Bd3 Bd7 8. Nbd2 Ne7 9. O-O Nh5 10. g3 Ng6 11. Ne5 Nf6 12. Re1 Ne7 13. Qc2 h6 14. Ndf3 O-O 15. Nh4 Ne8 16. Re3 f5 17. Rae1 Nf6 18. f3 Nh7 19. Nxd7 Qxd7 20. Rxe6 Rae8 21. Qe2 {½-½ Michaud,L (1714)-Rabutki,D (1610) Quebec-ch Senior 2018 (4.8)}) ({RR} 6... Nf6 7. Bd3 Bd7 8. Nbd2 Qe7 9. Ne5 Nxe5 10. fxe5 Ng8 11. a4 a6 12. Nb3 b6 13. a5 c5 14. Bc2 c4 15. Nd2 b5 16. b3 f5 17. Qf3 Rc8 18. bxc4 bxc4 19. O-O Nh6 20. Rfb1 Bb5 21. Ba4 {0-1 Chiquillo Agudelo,S (1686)-Marin,S (1870) 17th American Continental 2024 (2.127)}) ({RR} 6... Bd7 7. Nbd2 Nf6 8. Bd3 Qe7 9. Qc2 h6 10. Ne5 O-O-O 11. Nb3 Nh5 12. g3 g5 13. Nc5 Nxe5 14. fxe5 Bc6 15. O-O-O b6 16. Ba6+ Kb8 17. Qb3 Ka8 18. Nd3 Qd7 19. Qb4 Ng7 20. b3 Rb8 21. a4 {0-1 Popp,M (1518)-Freund,K (1673) Hessen-ch qual-D 2007 (3)}) 7. Bd3 h6 8. h4 Nf6 9. Nbd2 Nh5 10. g3 Nf6 11. h5 Bd7 12. Qe2 Qe7 13. Kf1 Nh7 14. Kg2 O-O 15. Rae1 Rae8 16. Nh4 Nf6 17. Bb1 Na5 18. Qd3 Bb5 19. Qc2 Nc4 20. Nf1 Nd6 21. Ne3 Nde4 22. f3 Nd6 23. Ng4 Nde4 24. fxe4 Nxg4 25. e5 f5 26. Ng6 Qf7 27. Rh4 Rc8 28. Rxg4 Rfe8 29. Rh4 c5 30. Rd1 b6 31. g4 cxd4 32. Rxd4 Rc4 33. gxf5 exf5 34. Qxf5 Qxf5 35. Bxf5 Rxd4 36. cxd4 Bc6 37. Rh3 Bb5 38. Rc3 Bc4 39. b3 Be2 40. Bd7 Rd8 41. e6 Bxh5 42. e7 1-0

[Event "45th Olympiad 2024"]
[Site "Budapest HUN"]
[Date "2024.09.11"]
[Round "1.47"]
[Board "3"]
[White "Mahor Jr, Manuel"]
[Black "Lopez Silva, Hugo"]
[Result "0-1"]
[WhiteElo "1759"]
[BlackElo "2379"]
[PlyCount "64"]
[EventDate "2024.09.11"]
[WhiteTeam "Palau"]
[BlackTeam "Chile"]
[WhiteTeamCountry "PAL"]
[BlackTeamCountry "CHI"]

1. d4 Nf6 2. Nf3 g6 3. Nc3 d5 4. Bf4 Bg7 5. Qd2 O-O 6. Bh6 c5 7. Bxg7 Kxg7 8. O-O-O ({RR} 8. dxc5 Nc6 9. Rd1 Qa5 10. Nxd5 Qxa2 11. Nxf6 exf6 12. Qc3 b5 13. cxb6 Bb7 14. e3 Rfc8 15. Bc4 Qa4 16. Rd7 Nd8 17. Rd4 axb6 18. O-O Bxf3 19. gxf3 Qc6 20. Qd2 Ra5 21. f4 Ne6 22. Bxe6 Qxe6 {1-0 Sevian,S (2687)-Ivic,V (2560) chess.com SpeedChess Q2Sw 2022 (10)}) ({RR} 8. dxc5 Qa5 9. e4 Qxc5 10. exd5 Rd8 11. O-O-O Be6 12. Qd4 Qa5 13. Bc4 Nc6 14. Qf4 Nxd5 15. Nxd5 Bxd5 16. a3 Qc5 17. Bxd5 Rxd5 18. Rxd5 Qxd5 19. Rd1 Qc5 20. Qe3 Qxe3+ 21. fxe3 h6 22. Rd7 Rb8 {0-1 Hristova,I (1875)-Videnova,I (2314) ch-BUL Women 2024 (5.1)}) 8... cxd4 9. Nxd4 Nc6 10. e3 e5 $146 ({RR} 10... a6 11. Be2 Qc7 12. h4 h5 13. Rdg1 e5 14. Nxc6 bxc6 15. Qd1 Rd8 16. g4 Nxg4 17. Bxg4 Bxg4 18. Rxg4 hxg4 19. Qxg4 Qd7 20. Qg3 Qf5 21. f3 Rh8 22. e4 dxe4 23. Nxe4 Qf4+ 24. Qxf4 exf4 25. c4 {0-1 Vincitore,U-Watelet,S (1872) BEL FEFB-ch op 2008 (4)}) 11. Nb3 Be6 12. h4 h5 13. Be2 Qe7 14. f3 Rad8 15. g4 d4 16. Ne4 Nxe4 17. fxe4 dxe3 18. Qxe3 Rxd1+ 19. Bxd1 hxg4 20. Qg3 f5 21. exf5 gxf5 22. Qc3 Qb4 23. Qe3 Qf4 24. Qxf4 exf4 25. Nc5 Bc8 26. c3 Ne5 27. Re1 Kf6 28. Kc2 b6 29. Nd3 Nxd3 30. Kxd3 Rd8+ 31. Ke2 Ba6+ 32. Kf2 Rd2+ 0-1

[Event "45th Olympiad 2024"]
[Site "Budapest HUN"]
[Date "2024.09.11"]
[Round "1.48"]
[Board "2"]
[White "Anquandah, Francis Eric"]
[Black "Wageih, Kareim"]
[Result "1/2-1/2"]
[WhiteElo "1941"]
[BlackElo "2402"]
[PlyCount "141"]
[EventDate "2024.09.11"]
[WhiteTeam "Ghana"]
[BlackTeam "Egypt"]
[WhiteTeamCountry "GHA"]
[BlackTeamCountry "EGY"]

1. e4 c6 2. d4 d5 3. Nd2 dxe4 4. Nxe4 Nd7 5. Nf3 Ngf6 6. Bd3 Nxe4 7. Bxe4 Nf6 8. Qe2 Nxe4 9. Qxe4 Qd5 10. Qxd5 cxd5 11. Bf4 Bf5 12. c3 e6 13. O-O f6 $146 ({RR} 13... Be7 14. Rfe1 O-O 15. Re3 b5 16. Rae1 b4 17. h3 bxc3 18. Rxc3 Bb4 19. Rb3 Bxe1 20. Nxe1 h6 21. Rb7 g5 22. Bh2 Rfc8 23. Bc7 a5 24. Nf3 Bd3 25. Rb3 Bc4 26. Rb8 Raxb8 27. Bxb8 Rxb8 28. b3 {0-1 Marquinez,A-Soto,P Azkotia (Women) 1991 (3)}) ({RR} 13... Be7 14. Rac1 O-O 15. Bc7 Rfc8 16. Ba5 b6 17. Bb4 Bxb4 18. cxb4 Kf8 19. Ne5 f6 20. Nf3 Ke8 21. Rc3 Kd7 22. Rfc1 Bg4 23. Nd2 Be2 24. f3 Bb5 25. Kf2 Rc6 26. f4 Rac8 27. Rxc6 Rxc6 28. Rc3 {0-1 Cecchini,R-Imhoff,G Necochea op 2016 (3)}) 14. Rfe1 g5 15. Bg3 h5 16. h3 h4 17. Bh2 Kf7 18. Nd2 Rc8 19. Nf1 Be7 20. Ne3 Bg6 21. f4 gxf4 22. Bxf4 Be4 23. Ng4 b5 24. a3 Ke8 25. Re3 Rg8 26. Re2 Rg6 27. Ne3 f5 28. Kh2 Kd7 29. Rg1 Rcg8 30. g4 Bf3 31. Rf2 fxg4 32. hxg4 Bxg4 33. Rfg2 Bf5 34. Rxg6 Rxg6 35. Rxg6 Bxg6 36. Ng4 Be8 37. Kh3 Kc6 38. Ne5+ Kb6 39. b4 Bh5 40. Nd7+ Kc6 41. Ne5+ Kb6 42. Nd7+ Kc6 43. Ne5+ Kb7 44. Nd7 Bg6 45. Ne5 Bf5+ 46. Kh2 a5 47. Nf7 a4 48. Bg5 Bxg5 49. Nxg5 Kc7 50. Nf3 h3 51. Kg3 Kd6 52. Ne5 Ke7 53. Nc6+ Kf6 54. Ne5 Kg5 55. Nf3+ Kg6 56. Ne5+ Kf6 57. Nd7+ Kg5 58. Ne5 Kh5 59. Nd7 Kh6 60. Ne5 Kg5 61. Nf3+ Kf6 62. Ne5 Bc2 63. Kxh3 Kf5 64. Kg3 Ke4 65. Kf2 Bd3 66. Nd7 Bc4 67. Nc5+ Kf5 68. Ke3 Bf1 69. Nd7 Bc4 70. Nc5 Bf1 71. Nd7 1/2-1/2

[Event "45th Olympiad 2024"]
[Site "Budapest HUN"]
[Date "2024.09.11"]
[Round "1.49"]
[Board "1"]
[White "Hemam, Moulaye Brahim"]
[Black "Dardha, Daniel"]
[Result "0-1"]
[WhiteElo "1977"]
[BlackElo "2603"]
[PlyCount "106"]
[EventDate "2024.09.11"]
[WhiteTeam "Mauritania"]
[BlackTeam "Belgium"]
[WhiteTeamCountry "MAU"]
[BlackTeamCountry "BEL"]

1. d4 Nf6 2. Nf3 b6 3. g3 Bb7 4. Bg2 g6 5. O-O Bg7 6. c4 O-O 7. Nc3 Ne4 8. Qc2 Nxc3 9. bxc3 Nc6 10. Nh4 $146 ({RR} 10. e4 Ba6 11. Nd2 Na5 12. Qa4 c5 13. Bb2 d6 14. Rfd1 Qe8 15. Qxe8 Rfxe8 16. Bf1 cxd4 17. cxd4 Rac8 18. Rac1 Rc7 19. Rc2 e6 20. a4 d5 21. Rdc1 dxe4 22. Nxe4 Rd8 23. c5 Bxf1 24. Kxf1 Bxd4 {½-½ Terzic,S (2222)-Dizdarevic,E (2509) Zenica 19th 2016 (5)}) ({RR} 10. Ne5 Na5 11. Bxb7 Nxb7 12. h4 Na5 13. h5 d6 14. Nf3 Nxc4 15. e4 Qd7 16. Kg2 c5 17. Rh1 Rac8 18. hxg6 fxg6 19. Qd3 cxd4 20. cxd4 d5 21. Bh6 dxe4 22. Qxe4 Qf5 23. Qxf5 Rxf5 24. Rae1 Bxh6 {0-1 Nguyen Ngoc Truong Son (2633)-Bortnyk,O (2608) Titled Tue 7th May Late 2024 (4)}) ({RR} 10. e4 Ba6 11. Qa4 Na5 12. Nd2 c5 13. Bb2 d6 14. Bh3 e6 15. Nb3 Qe8 16. Qxe8 Rfxe8 17. Nxa5 bxa5 18. dxc5 dxc5 19. Rfc1 Bxc4 20. Ba3 Rac8 21. Rab1 a4 22. Rb2 Rb8 23. Rxb8 Rxb8 24. Bxc5 Bxa2 {0-1 Hng,M (2014)-Sengupta,D (2501) Hastings Masters 2023-24 (5.15)}) ({RR} 10. Nd2 Qc8 11. Ba3 d6 12. Nb3 Nd8 13. e4 c5 14. dxc5 dxc5 15. Rfd1 Qe6 16. Rd5 Bxd5 17. cxd5 Qd7 18. Rd1 Qa4 19. Bb2 Nb7 20. Rc1 Nd6 21. Nd2 Qxc2 22. Rxc2 f5 23. exf5 gxf5 24. f4 b5 {0-1 Morais,V (1864)-Iturrizaga Bonelli,E (2597) Lisbon Portugal op 2020 (1)}) 10... e6 11. Rb1 Na5 12. Bxb7 Nxb7 13. c5 d6 14. cxd6 cxd6 15. Ba3 Na5 16. e4 Qd7 17. Nf3 Rac8 18. Bb4 Nc4 19. Nd2 Rfd8 20. Nxc4 Rxc4 21. Qb3 Rdc8 22. Rfd1 Qc6 23. d5 exd5 24. Rxd5 Bxc3 25. Rxd6 Qxe4 26. Bxc3 Rxc3 27. Qd1 Rc2 28. Rd4 Qe5 29. a4 Kg7 30. Qd3 R8c3 31. Qe4 Qxe4 32. Rxe4 Rf3 33. Rf1 Ra2 34. Kg2 Rf5 35. g4 Ra5 36. h3 R5xa4 37. Re7 g5 38. Rb7 Rb4 39. Kg3 a5 40. Rd1 Rb3+ 41. f3 Rbb2 42. Rg1 a4 43. h4 h6 44. hxg5 hxg5 45. Rd7 a3 46. Rd5 f6 47. Rd3 b5 48. f4 gxf4+ 49. Kxf4 b4 50. g5 Rf2+ 51. Ke3 Rae2+ 52. Kd4 Rd2 53. gxf6+ Kxf6 0-1

[Event "45th Olympiad 2024"]
[Site "Budapest HUN"]
[Date "2024.09.11"]
[Round "1.49"]
[Board "3"]
[White "Abdellahi Khaled Abdellahi"]
[Black "Hovhannisyan, Mher"]
[Result "1/2-1/2"]
[WhiteElo "1894"]
[BlackElo "2414"]
[PlyCount "59"]
[EventDate "2024.09.11"]
[WhiteTeam "Mauritania"]
[BlackTeam "Belgium"]
[WhiteTeamCountry "MAU"]
[BlackTeamCountry "BEL"]

1. e4 e6 2. d4 d5 3. Nc3 Nf6 4. Bg5 dxe4 5. Nxe4 Be7 6. Bxf6 gxf6 7. Nf3 a6 8. Qd2 b5 9. O-O-O Bb7 10. Qe3 Nd7 11. Kb1 Nb6 12. Bd3 Nd5 $146 ({RR} 12... Bd5 13. Rhe1 Qd7 14. Qf4 Bxe4 15. Bxe4 O-O-O 16. d5 Kb8 17. Rd3 exd5 18. Bf5 Qd6 19. Qe3 Bf8 20. Bh3 Nc4 21. Qc1 f5 22. Nd4 Bh6 23. Nxf5 Bxc1 24. Nxd6 Bd2 25. Re2 Rxd6 26. b3 Na3+ 27. Kb2 {0-1 Ibarra Jerez,J (2559)-Hong,A (2572) Titled Tue 10th Sep Late 2024 (8)}) ({RR} 12... Bd5 13. Nc3 c6 14. Qh6 b4 15. Nxd5 Nxd5 16. Qg7 Rf8 17. Qxh7 a5 18. Bc4 a4 19. Qd3 Qb6 20. Qe2 Nc3+ 21. bxc3 bxc3+ 22. Bb3 Kd7 23. Rd3 axb3 24. cxb3 Qa5 25. Rc1 Bb4 26. Rc2 Qd5 27. Rdxc3 {0-1 Pace,P-Pirola,A ITA-chT32nd Castel Lagopesole 2000}) 13. Qd2 Nb4 14. Nxf6+ Bxf6 15. Qxb4 Qd6 16. Qxd6 cxd6 17. Be2 b4 18. Ne1 a5 19. Bf3 d5 20. Be2 a4 21. f4 a3 22. b3 h5 23. Nf3 h4 24. g4 hxg3 25. hxg3 Rg8 26. Rdg1 Ba6 27. Bxa6 Rxa6 28. g4 Rc6 29. g5 Bh8 30. Rh3 1/2-1/2

[Event "45th Olympiad 2024"]
[Site "Budapest HUN"]
[Date "2024.09.11"]
[Round "1.49"]
[Board "4"]
[White "Lenaerts, Lennert"]
[Black "Abdou Ahmed Alem"]
[Result "1-0"]
[WhiteElo "2300"]
[BlackElo "1897"]
[PlyCount "79"]
[EventDate "2024.09.11"]
[WhiteTeam "Belgium"]
[BlackTeam "Mauritania"]
[WhiteTeamCountry "BEL"]
[BlackTeamCountry "MAU"]

1. e4 c6 2. d4 d5 3. e5 Bf5 4. Nd2 e6 5. Nb3 Ne7 6. Nf3 Bg4 ({RR} 6... Nd7 7. Be2 Nc8 8. O-O Be7 9. Bd3 Bxd3 10. Qxd3 O-O 11. Be3 a5 12. a4 Qb6 13. c3 Qxb3 {0-1 Esipenko,A (2716)-Karjakin,S (2757) Moscow Smyslov Region Group Cup blitz 2021 (3)}) ({RR} 6... Qc7 7. Be2 Bg6 8. O-O Nf5 9. c4 Qd8 10. cxd5 Qxd5 11. Bg5 Be7 12. Bxe7 Nxe7 13. Rc1 O-O 14. Bc4 Qd8 15. Bd3 Bxd3 16. Qxd3 Na6 17. Ng5 Nf5 18. Ne4 Nb4 19. Qd2 Nd5 20. g4 Qh4 21. f3 {1-0 Manon Og,R (1960)-Mena,M (1979) Titled Tue 7th May Early 2024 (2)}) 7. h3 Bxf3 8. Qxf3 Nd7 $146 ({RR} 8... Ng6 9. h4 Nxh4 10. Qh3 Be7 11. Bd3 Nd7 12. g3 Nf3+ 13. Ke2 Ng5 14. Bxg5 Bxg5 15. f4 Be7 16. f5 exf5 17. Qxf5 g6 18. Qf3 Bg5 19. Raf1 Qe7 20. Kd1 Nf8 21. Rh2 Ne6 22. Qh1 h6 23. Rhf2 {½-½ Praggnanandhaa,R (2569)-Akash Pc,I (2443) Abu Dhabi op 26th 2019 (7)}) 9. Bd3 c5 10. Nxc5 Nxc5 11. dxc5 Nc6 12. Qg3 Qc7 13. Bf4 Bxc5 14. c3 h6 15. Qxg7 O-O-O 16. b4 Rdg8 17. Qf6 Be7 18. Qxf7 Nd8 19. Qh5 Qxc3+ 20. Ke2 Qb2+ 21. Bd2 Rg5 22. Rac1+ Kb8 23. Qf3 Rxe5+ 24. Kd1 Rf8 25. Qxf8 Bxf8 26. Bc3 Qxc1+ 27. Kxc1 d4 28. Bd2 Rd5 29. Re1 Kc8 30. Re4 Kd7 31. Bc4 Rf5 32. Rxd4+ Bd6 33. f4 Nc6 34. Re4 e5 35. g4 Rf8 36. b5 Nd4 37. fxe5 Ba3+ 38. Kd1 Nf3 39. Bxh6 Ke7 40. Bxf8+ 1-0

[Event "45th Olympiad 2024"]
[Site "Budapest HUN"]
[Date "2024.09.11"]
[Round "1.50"]
[Board "2"]
[White "Rowe, Peter"]
[Black "Thavandiran, Shiyam"]
[Result "0-1"]
[WhiteElo "1973"]
[BlackElo "2388"]
[PlyCount "65"]
[EventDate "2024.09.11"]
[WhiteTeam "Guernsey"]
[BlackTeam "Canada"]
[BlackTeamCountry "CAN"]

1. d4 e6 2. Bf4 Nf6 3. e3 d5 4. Nf3 c5 5. c3 Nc6 6. Bb5 Bd7 7. a4 ({RR} 7. O-O Be7 8. Bxc6 Bxc6 9. Ne5 Bb5 10. Re1 O-O 11. Nd2 Rc8 12. a4 Be8 13. a5 Nd7 14. Qg4 Nxe5 15. dxe5 Kh8 16. Nf3 Bb5 17. Bg5 Bd3 18. Bxe7 Qxe7 19. Nd2 Rc7 20. e4 Rd8 21. exd5 Rxd5 {0-1 Vuilleumier,A (2354)-Warmerdam,M (2472) Karlsruhe Grenke op 2019 (7)}) ({RR} 7. O-O a6 8. Bxc6 Bxc6 9. Nbd2 Be7 10. Ne5 Rc8 11. Nxc6 Rxc6 12. Nf3 c4 13. Ne5 Rc8 14. Qa4+ Nd7 15. f3 f6 16. Nxd7 Qxd7 17. Qxd7+ Kxd7 18. a4 a5 19. Rab1 Ra8 20. b3 Rhc8 21. e4 Bd6 {0-1 Lees,N-Siu,K (1825) British Rapidplay 2024 (8.61)}) 7... Nh5 $146 ({RR} 7... a6 8. Bxc6 Bxc6 9. Ne5 Bd6 10. Nd2 O-O 11. dxc5 Bxc5 12. b4 Ba7 13. Bg5 h6 14. h4 hxg5 15. hxg5 Bb8 16. gxf6 Qxf6 17. Qh5 Qh6 18. Nxc6 bxc6 19. Qxh6 gxh6 20. O-O-O Be5 21. Nf3 Bxc3 22. Rxh6 {0-1 Romano,C-Coqueraut,J (2013) Foligno op 2008 (4)}) ({RR} 7... c4 8. Nbd2 Be7 9. O-O Nh5 10. Bxc6 bxc6 11. Be5 f6 12. Bg3 Nxg3 13. hxg3 Rb8 14. Qc2 O-O 15. Rfb1 Qc7 16. b3 cxb3 17. Nxb3 e5 18. c4 Be6 19. cxd5 Bxd5 20. e4 Bf7 21. dxe5 fxe5 22. Nbd2 {½-½ Bigott,M (1683)-Krauth,A (2132) Leverkusen-ch op 2009 (2)}) 8. Bg3 Nxg3 9. hxg3 Bd6 10. Nbd2 Qe7 11. Bxc6 Bxc6 12. dxc5 Bxc5 13. Ne5 Bd6 14. Nxc6 bxc6 15. Nf3 Rb8 16. Qc2 g6 17. a5 Qb7 18. Ra2 e5 19. O-O Qb3 20. Qxb3 Rxb3 21. Nd2 Rb8 22. Rc1 Kd7 23. Kf1 f5 24. Ke2 e4 25. c4 Be5 26. cxd5 cxd5 27. Rc2 Rhc8 28. Kd1 Rxc2 29. Kxc2 d4 30. Nc4 d3+ 31. Kd2 Bf6 32. f3 Rb4 33. Nb6+ 0-1

[Event "45th Olympiad 2024"]
[Site "Budapest HUN"]
[Date "2024.09.11"]
[Round "1.50"]
[Board "4"]
[White "Hill, Jonathan"]
[Black "Noritsyn, Nikolay"]
[Result "0-1"]
[WhiteElo "1756"]
[BlackElo "2451"]
[PlyCount "66"]
[EventDate "2024.09.11"]
[WhiteTeam "Guernsey"]
[BlackTeam "Canada"]
[BlackTeamCountry "CAN"]

1. d4 Nf6 2. Nf3 g6 3. Bf4 d6 4. h3 c5 5. c3 ({RR} 5. dxc5 Qa5+ 6. Qd2 Qxc5 7. Nc3 Bf5 8. Nd4 Ne4 9. Nxe4 Bxe4 10. f3 Bc6 11. e4 e5 12. Be3 exd4 13. Bxd4 Bh6 14. Qf2 Qa5+ 15. Bc3 Qd8 16. Bxh8 f6 17. Qh4 Bg5 18. Qxh7 Qa5+ 19. c3 Nd7 {1-0 Caruana,F (2782)-Sutovsky,E (2657) London Classic Gp-D 5th rapid 2013 (1.1)}) ({RR} 5. e3 Qb6 6. Nc3 Qxb2 7. Nb5 Qb4+ 8. c3 Qa5 9. dxc5 a6 10. cxd6 axb5 11. dxe7 Bxe7 12. Qb3 O-O 13. Bxb5 Be6 14. Bc4 Bxc4 15. Qxc4 Nbd7 16. O-O Qd5 17. Qxd5 Nxd5 18. Bh6 Rfd8 19. c4 Nc7 {0-1 Eke,S (2180)-Tatarinov,D (2332) Titled Tue 21st Nov Late 2023 (1)}) 5... Qb6 6. Qb3 Nc6 $146 ({RR} 6... Be6 7. Qxb6 axb6 8. Na3 Nc6 9. e3 Bg7 10. Be2 O-O 11. O-O Nd5 12. Bh2 Nc7 13. Rfd1 Ra4 14. Nd2 Rfa8 15. Ndc4 Bxc4 16. Bxc4 Rxa3 17. bxa3 Rxa3 18. Rdc1 b5 19. Bf1 c4 20. Rc2 Kf8 21. Rb1 {0-1 Orndahl,M (2182)-Polzin,R (2404) EU-ch blitz Katowice 2017 (20)}) ({RR} 6... Bg7 7. Qxb6 axb6 8. e3 Nbd7 9. Be2 O-O 10. Nbd2 Nd5 11. Bh2 Nc7 12. Nb3 e5 13. O-O Re8 14. Rfe1 Nf8 15. Nfd2 Be6 16. a3 Nd7 17. Rac1 f6 18. Na1 Bf8 19. Nc2 Be7 20. Bf3 Rab8 21. Bg3 {1-0 Gonzalez,A-Muriel Rojas,F (2225) Catalunya-chT 1997 (7)}) 7. e3 cxd4 8. Qxb6 axb6 9. exd4 Nd5 10. Bh2 Bh6 11. Be2 Bc1 12. a3 Bxb2 13. Ra2 Bxc3+ 14. Nxc3 Nxc3 15. Ra1 Bf5 16. Bf4 Be4 17. Be3 b5 18. Kd2 Nxe2 19. Kxe2 Kd7 20. Nh4 Ra4 21. Rhd1 Rha8 22. f3 Bd5 23. Kf2 b4 24. Bc1 bxa3 25. Rd3 a2 26. Bb2 Na5 27. Ra3 Rxa3 28. Bxa3 Nc4 29. Bc1 Na3 30. Bxa3 Rxa3 31. f4 b5 32. Nf3 Bxf3 33. gxf3 b4 0-1

[Event "45th Olympiad 2024"]
[Site "Budapest HUN"]
[Date "2024.09.11"]
[Round "1.51"]
[Board "4"]
[White "Garcia, Jan Emmanuel"]
[Black "Pesqueira, Jose"]
[Result "1-0"]
[WhiteElo "2380"]
[BlackElo "1880"]
[PlyCount "68"]
[EventDate "2024.09.11"]
[WhiteTeam "Philippines"]
[BlackTeam "Aruba"]
[WhiteTeamCountry "PHI"]
[BlackTeamCountry "ARN"]

1. Nf3 c5 2. c4 g6 3. d4 cxd4 4. Nxd4 Nc6 5. e4 Nf6 6. Nc3 d6 7. Be2 Nxd4 8. Qxd4 Bg7 9. Be3 O-O 10. Qd2 Be6 11. Rc1 Qa5 12. f3 Rfc8 13. b3 a6 14. Nd5 Qxd2+ 15. Kxd2 Nxd5 16. exd5 Bd7 17. a4 ({RR} 17. h4 b5 18. h5 bxc4 19. Bxc4 a5 20. a4 Rab8 21. h6 Bb2 22. Rc2 Bf5 23. Rxb2 Rxc4 24. Rc1 Rxa4 25. g4 Bxg4 26. bxa4 Rxb2+ 27. Kc3 Rb4 28. fxg4 Rxa4 29. g5 f6 30. gxf6 exf6 31. Kd3 Ra3+ {1-0 Corrales Jimenez,F (2567)-Tamer Waguih,F (2096) Titled Tue 10th Sep Early 2024 (2)}) 17... e6 18. dxe6 Bxe6 19. Bf4 $146 ({RR} 19. Rhd1 d5 20. cxd5 Bxd5 21. Bc4 Bc6 22. Ke2 Be5 23. Kf2 h5 24. f4 Bf6 25. Bd4 Bxd4+ 26. Rxd4 b5 27. Be2 Be8 28. Rxc8 Rxc8 29. a5 Kf8 30. Ke3 Bc6 31. g3 Ke7 32. Rd3 Bb7 33. Kd2 Rh8 {1-0 Zhuravlev,V (2485)-Lerner,K (2515) St Petersburg 1992}) ({RR} 19. Rc2 b5 20. axb5 axb5 21. Rhc1 b4 22. Bd3 Ra3 23. Rb1 d5 24. cxd5 Bc3+ 25. Ke2 Bxd5 26. Bc4 Rxc4 27. bxc4 Bxc4+ 28. Kf2 Bd3 29. Rxc3 bxc3 30. Rb8+ Kg7 31. Bd4+ Kh6 32. g4 c2 33. Rc8 Ra4 {½-½ Hamelink,D (2105)-Lanchava,T (2330) NED-ch (Women) 2002 (6)}) 19... b5 20. cxb5 axb5 21. Rxc8+ Rxc8 22. Rc1 Rxc1 23. Kxc1 bxa4 24. bxa4 d5 25. a5 Bc3 26. a6 Bd7 27. Kc2 Bd4 28. Kb3 Bc5 29. Be5 Bc6 30. Kc3 Kf8 31. Bd4 Bd6 32. g3 Ke7 33. a7 Kd7 34. Bb5 Bc7 1-0